000 00246nam a22001217a 4500
008 180228b xxu||||| |||| 00| 0 eng d
041 _aeng
080 _a61
100 _a38
101 _aMAT
245 _aPREALGEBRA
_cJAMIE.B
942 _2udc
_cBK
999 _c43703
_d43703